| 000 | 01123nam a2200241 4500 | ||
|---|---|---|---|
| 005 | 20160627090131.0 | ||
| 008 | 160627s2014 ck ao|||r|||| 00| 0 eng d | ||
| 020 | _a9789589991932 | ||
| 040 |
_aCO-BoIAVH _cCO-BoIAVH |
||
| 041 | 1 |
_aspa _aeng |
|
| 044 | _ack | ||
| 082 | 0 | 4 |
_a333.72 _bI36c1 |
| 245 | 0 | 0 |
_aProyecto incentivos a la conservación para el manejo del territorio y la mitigación de conflictos socio ambientales. _bResumen de logros y aprendizajes |
| 246 | 0 | 1 |
_aConservation incentives for territorial management and mitigation of socio environmental conflicts project. _bSummary of achievements and lessons. |
| 260 |
_aBogotá, Colombia : _bFondo Patrimonio Natural, _c2014. |
||
| 300 |
_a30, 30 páginas : _bilustraciones a color y fotografías a color ; _c22 x 28 cm. |
||
| 650 | 1 | 6 |
_aConservación de la diversidad biológica _xIncentivos _zColombia |
| 650 | 2 | 6 |
_aConservación de los recursos _xIncentivos _zColombia |
| 650 | 2 | 6 |
_aGestión ambiental _zColombia |
| 650 | 2 | 6 |
_aConflictos sociales _zColombia |
| 710 | 2 | _aFondo Patrimonio Natural | |
| 942 |
_2ddc _cLIBRO |
||
| 999 |
_c18827 _d18827 |
||